Normal view
MARC view
- بني مقداد، محمد علي
Entry Personal Name
001 - CONTROL NUMBER
- control field: 66650
003 - CONTROL NUMBER IDENTIFIER
- control field: JO-AjAnu
005 - DATE AND TIME OF LATEST TRANSACTION
- control field: 20250922081811.0
008 - FIXED-LENGTH DATA ELEMENTS
- fixed length control field: 250922|| aca||aabn | a|a d
040 ## - CATALOGING SOURCE
- Original cataloging agency: JO-AjAnu
100 ## - HEADING--PERSONAL NAME
- Personal name: بني مقداد، محمد علي
- Relator term: مشرف